00159nam a2200061Ia 4500008004100000100002000041245003600061170627s9999 xx 000 0 und d aMathews -Walker 0aMathematical Methods of Physics